Sons de l'album "!" de menace Santana. - Statistiques

Statistiques générales
  • Ce quiz a été pris 193 fois
  • Le résultat moyen est 8 sur 12
Statistiques - réponses
Hint Réponse % Correct
2 Vengeance !
79%
1 Boo !
77%
10 Mauvais oeil !
76%
12 Va au diable !!
69%
4 L'apprentie sorcière !
68%
3 Fais un voeu !
64%
5 Quand le soleil se levera à l'ouest !
64%
8 Démon démon !
61%
11 Dans le noir !
55%
7 La petite voix !
54%
6 Sans fin !
54%
9 3e rêve !
48%
Aucun quiz correspondant
Distribution des résultats
% des personnes avec chaque résultat
Percentile par nombre de réponses
Votre historique - résultats
Vous n’avez pas pris ce quiz